000
00352nam a2200145Ia 4500
008
230312s9999||||xx |||||||||||||| ||und||
020
_a
9789698455996
082
_a
891.4
_b
HAK-H
100
_a
ہکیٹر بولتھو
245
0
_a
حیاتِ قائداعظم
260
_b
Jamhori
_a
pak
_c
2012
300
_a
301
650
_a
Literature
942
_c
BK
999
_c
14938
_d
14938